Music Quiz

Random Music or Bands Quiz

Three Word Band Names Quiz Stats

 Plays Quiz Updated Nov 20, 2015

Also try: Bands by Antonym
Challenge
Share
Tweet
Score 0/22 Timer 03:00
0 Plays Today
% Correct
Goo
94.7%
Black
94.4%
Nine
92.7%
Creedence
90.3%
Dave
89%
3
86%
My
84.8%
Blue
84.5%
Crash
83.8%
Fall
81.4%
Third
81.4%
% Correct
All
80.9%
Men
77.1%
Fine
75.1%
Alien
73.7%
Jimmy
73.6%
Right
73.1%
Grand
71%
Insane
70.4%
Florida
66.7%
Walk
57.8%
Squirrel
50%

You're not logged in!

Compare scores with friends on all Sporcle quizzes.
Join for Free
OR
Log In

You Might Also Like...

Show Comments

Extras

Top Quizzes Today


Score Distribution

Your Account Isn't Verified!

In order to create a playlist on Sporcle, you need to verify the email address you used during registration. Go to your Sporcle Settings to finish the process.

Report this User

Report this user for behavior that violates our Community Guidelines.

Details: